000 00782nam a2200289Ia 4500
005 20260324112539.0
008 008 260324s9999 xx 000 0 eng d
020 _a9781032621760
037 _aEBOOK
040 _aCRL
040 _beng
040 _cCRL
041 _2eng
041 _aeng
084 _qCRL
100 _aWesam Salah Alaloul; Muhammad Ali Musarat; Muhammad Irfan; Maria Ghufran
_91143147
245 0 _aInnovation in PMBOK through Industrial Revolution 4.0
245 3 _bAn Automated Solution for the Construction Industry
260 _bTaylor and Francis
260 _c2024
365 _a
365 _b195
856 _uhttp://www.taylorfrancis.com/books/9781032621760
942 _cEBOOK
999 _c1732397
_d1732397